[Event "RUS-Cup02"]
[Site "Moscow"]
[Date "1998.01.24"]
[Round "4"]
[White "Potkin, Alexey V"]
[Black "Sretenskij, Nikolai V"]
[Result "0-1"]
[WhiteElo "2335"]
[BlackElo "2445"]
[Annotator "Finkel,A"]
[PlyCount "72"]
[EventDate "1998.01.21"]
[EventType "swiss"]
[EventRounds "9"]
[EventCountry "RUS"]
[SourceTitle "CBM 063"]
[Source "ChessBase"]
[SourceDate "1998.03.26"]
[SourceVersion "1"]
[SourceVersionDate "1998.03.26"]
[SourceQuality "1"]

1. e4 e6 2. d4 d5 3. Nd2 Nf6 4. e5 Ne4 5. Nxe4 dxe4 6. Be3 c5 7. dxc5 Nd7 8.
Qg4 Nxc5 9. Bb5+ Nd7 10. Ne2 Qa5+ 11. Nc3 a6 12. Bxd7+ (12. Ba4 $6 Qxe5 13.
Qxe4 Qxe4 14. Nxe4 b5 15. Bb3 Bb7 $11 {Kalegin,E-Danielian,O/Moscow op 1995 
(51)}) (12. Be2 $6 Nxe5 13. Qxe4 Bd7 14. O-O Bc6 15. Qf4 Be7 16. Rfd1 O-O 17.
Qg3 Bf6 $11 {Haugli,P-Maksimovic,B/Copenhagen op 1989 (40)}) 12... Bxd7 13. Bd4
(13. Qxe4 Bc6 14. Qf4 Ba3 $1 15. Bc1 Bxg2 16. Rg1 Bc6 17. Rxg7 O-O-O $44 {
Tolnai,T-Samovojska,D/CRO-chT Makarska 1994/0-1 (55)}) 13... Bc6 14. O-O-O (14.
O-O O-O-O 15. Rfd1 Rxd4 $5 16. Rxd4 Qxe5 $44 17. Rad1 Bc5 18. Rc4 f5 19. Qg3 f4
$2 (19... Qxg3) 20. Rxc5 $1 $16 {1-0 Mainka,R-Voss,G/Dortmund op-A 1992 (27)})
14... O-O-O (14... Rd8 15. Qg3 $1 Rd7 16. Kb1 Qd8 17. Be3 Bd5 18. Bg5 Qc7 19.
Nxd5 exd5 20. f3 $14 {Rogic Davor-Samovojska Damir/Cup Croatia Pula (Croatia)
1996 (42)}) 15. Kb1 (15. Qf4 $5 Ba3 $6 16. Qe3 Be7 17. Kb1 Rd7 18. Nxe4 Rhd8
19. Rd3 $16 {1-0 Seul,G-Zach,A/Open, Biel SUI 1997 (34)}) 15... Rxd4 16. Rxd4
Qxe5 17. Rhd1 (17. Rc4 $5 f5 18. Qe2 Kc7 $6 19. f3 $1 $16 Bc5 20. fxe4 b5 21.
Nd5+ $1 $18 {Ivanov,A-Malaniuk,V/USSR 1981 (25)}) 17... Bc5 18. Rc4 f5 $1 $36 {
Serious improvement after which white has to play very carefully to keep the
balance.} (18... b5 $6 19. Rxc5 $1 Qxc5 20. Nxe4 Qe7 21. Nd6+ Kb8 22. Qg3 Qc7
23. Nxf7 $16 {Kobalija Mihail-Pereyra Arcija Diego/Ch World (cadets) (under
1995 (65)}) 19. Qe2 (19. Rxc5 $6 Qxc5 20. Qxg7 Re8 21. Qf7 Kb8 $5 (21... Qxf2
22. Nxe4 $1 Qe2 23. Nd6+ Kb8 24. Kc1 Qe3+ $11) 22. Rd2 e3 23. fxe3 Qxe3 24. Rd1
Qh6 $1 $15) 19... Rd8 $1 {[%csl Rc4]} 20. Rxd8+ Kxd8 $13 21. Qd2+ Ke8 22. b4 $8
(22. Nd1 $6 b5 23. Rc3 Bb4 $17) 22... Be7 $1 23. g3 Bf6 24. a4 $1 g5 $5 25. Qd1
$6 {White's position is extremly dangerous,and after the move which was played
in the game probably lost.Nothing would change} (25. b5 $6 Bd5 $5 (25... axb5
26. axb5 Bxb5 27. Rc8+ Kf7 $17) 26. Rc8+ Kd7 27. Rc5 Qd4 $1 $17 {,but 25.a5!
kept white in the game.}) 25... Kf7 26. Kc1 Kg6 27. h3 h6 28. Qe2 Bd5 $1 $19 {
Proving once again that the bishops pair is a real force!} 29. Nxd5 (29. Rc8
Bc6 $1 30. b5 Qxc3 31. bxc6 Qa1+ 32. Kd2 Bc3+ 33. Ke3 Qc1+ $19) 29... exd5 30.
Rc8 Qb2+ 31. Kd1 Qb1+ 32. Kd2 Qxb4+ 33. Kd1 Bc3 $1 34. Qe3 d4 35. Qc1 Qxa4 36.
h4 Qb5 $1 {[%csl Rc1,Rd1][%cal Gb5f1]} 0-1

[Event "GER-ch 76th"]
[Site "Altenkirchen"]
[Date "2005.02.21"]
[Round "4"]
[White "Henrichs, Thomas"]
[Black "Bischoff, Klaus"]
[Result "0-1"]
[WhiteElo "2407"]
[BlackElo "2555"]
[Annotator "Finkel,A"]
[PlyCount "70"]
[EventDate "2005.02.18"]
[EventType "swiss"]
[EventRounds "9"]
[EventCountry "GER"]
[SourceTitle "CBM 106"]
[Source "ChessBase"]
[SourceDate "2005.06.06"]
[SourceVersion "1"]
[SourceVersionDate "2005.06.06"]
[SourceQuality "1"]

1. d4 e6 2. e4 d5 3. Nc3 Nf6 4. e5 Nfd7 5. Nce2 c5 6. c3 Nc6 7. f4 cxd4 (7...
Qb6) 8. cxd4 f5 9. Nf3 Be7 10. Nc3 $6 {The knight is getting too busy in the
opening! This manouvre is just a waste of 2 tempi if white intends to play on
the kingside with h3, followed by g4 as happened in the game! However in the
closed positions a waste of 2 tempi isn't that crucial as in the open ones, so
white just loses a chance to get an opening advantage.} (10. h3 $5 Nb6 11. Kf2
(11. g4 Bh4+ 12. Nxh4 Qxh4+ 13. Kd2 Qf2 14. b3 Nxd4 15. Kc3 Qf3+ 16. Kb2 Qxh1
17. Nxd4 $44 {Polgar,J-Short,N/New York 1994}) 11... O-O 12. g4 Bd7 13. Ng3 Rc8
14. Rh2 a5 15. Kg1 $14 {Zakharov,A-Makarjev,I/Protvino 1992}) (10. g3 Nb6 11.
Nc3 Bd7 12. Bd3 Rc8 13. O-O O-O 14. h3 Be8 15. g4 $14 {Vehi Bach,V-Alvarez
Ibarra,R/San Sebastian 1993}) (10. h4 $6 h5 11. Be3 Nb6 12. b3 Bd7 13. Kf2 Rc8
14. a3 a5 15. Ng3 g6 16. Ng5 Na7 $15 {Balogh,C-Cao Sang/Budapest 2000}) (10.
Be3 Nb6 11. b3 Bd7 12. Nc1 a5 13. Nd3 a4 14. Be2 axb3 15. axb3 Nb4 16. Kf2 $14
{Jones,R-Cobb,C/Newport 2004}) 10... Nb6 (10... O-O 11. Bd3 Nb6 12. a3 a5 13.
b3 Bd7 14. O-O Qe8 15. Bb2 a4 16. b4 Na7 $13 {Laveryd,P-Larsson,P/Sweden 1999})
11. Bd3 Bd7 12. h3 (12. Rg1 $5 O-O 13. g4 fxg4 14. Rxg4 $13) (12. O-O O-O 13.
a3 Rc8 14. Be3 Na5 $13) 12... O-O 13. g4 Be8 14. Ne2 Bg6 15. a3 {[%csl Gb4] In
case of} (15. Kf2 {black can just take a pawn on a2 after} Nb4 16. Bb1 fxg4 17.
hxg4 Bxb1 18. Rxb1 Nxa2 19. Qd3 g6 20. Bd2 Nc4 $15) 15... Qe8 16. Kf2 a5 {
[%cal Ga5a4,Gb6c4]} 17. b3 a4 18. b4 Na7 19. Ng3 Nb5 20. gxf5 Bxf5 $1 {The
bishop has nothing much to do on 6 so black is happy to get rid of it.} 21.
Nxf5 exf5 22. Bb2 $6 {The pawn on f4 is too vulnerable, so it was better to
put the bishop on d2 instead.} (22. Bd2 Nc7 23. h4 Nc4 24. h5 Nb2 25. Qe2 Nxd3+
26. Qxd3 $11) 22... Nc7 $1 {[%csl Rf4]} 23. Rc1 $6 Ne6 24. Ke3 Qh5 $15 25. Qg1
(25. Ng5 Qxd1 26. Rhxd1 Bxg5 27. fxg5 Nxg5 28. h4 Ne6 $15) 25... Bh4 26. Qh2 (
26. Be2 Qh6 27. Qh2 Nxf4 28. Qxf4 Bf2+ $19) 26... Kh8 27. Rhg1 g5 $5 28. fxg5
$6 ({Far more persistant was} 28. Nxh4 gxf4+ 29. Kd2 Qxh4 30. Kc2 f3 31. Kb1
Nf4 32. Bb5 Rg8 $15 {and white has significant counterchances.}) 28... Bg3 $1
$19 {From now on it's just a one way traffic.} 29. Qg2 (29. Rxg3 f4+ 30. Kf2
fxg3+ 31. Qxg3 Nxg5 $19) 29... Bf4+ 30. Kf2 Bxc1 31. Bxc1 Rac8 32. Bd2 (32. g6
Rg8 33. Bg5 Rxg6 34. Bf6+ Kg8 35. Qf1 Nf4 $19) 32... Nc4 33. Bc1 Nxd4 $1 34. g6
hxg6 35. Nxd4 Nxe5 $1 0-1

[Event "UKR-ch 73rd"]
[Site "Kharkov"]
[Date "2004.08.27"]
[Round "2.2"]
[White "Efimenko, Zahar"]
[Black "Kobylkin, Evgeni"]
[Result "1-0"]
[WhiteElo "2572"]
[BlackElo "2444"]
[Annotator "Finkel,A"]
[PlyCount "97"]
[EventDate "2004.08.03"]
[EventType "k.o."]
[EventRounds "5"]
[EventCountry "UKR"]
[SourceTitle "CBM 103"]
[Source "ChessBase"]
[SourceDate "2004.11.11"]
[SourceVersion "1"]
[SourceVersionDate "2004.11.11"]
[SourceQuality "1"]

1. e4 e6 2. d4 d5 3. Nc3 Nf6 4. e5 Nfd7 5. f4 c5 6. Nf3 Nc6 7. Be3 a6 8. Qd2 b5
9. a3 $5 {Quite poisonous variation promising white good chances to fight for
the advantage.} Qb6 10. Ne2 a5 (10... Bb7 11. dxc5 Bxc5 12. Ned4 Nxd4 13. Nxd4
Qc7 14. b4 Be7 15. Bd3 Nb6 16. O-O $14 {Voitsekhovsky,S-Erashchenkov,D/
Voronezh 2003}) (10... g6 11. dxc5 Bxc5 12. Ned4 Qc7 13. Bd3 Be7 14. Nxc6 Qxc6
15. h4 h5 16. b4 Nb6 17. Bd4 Nc4 18. Qc1 Bd7 19. O-O $14 {Pikula,D-Jeremic,V/
Topola 2004}) (10... Be7 11. dxc5 Bxc5 12. Ned4 Nxd4 13. Nxd4 Qc7 14. Bd3 g5
15. g3 Bb7 16. O-O-O $14 {Karjakin,S-Kiriakov,P/playchess.com INT 2004}) 11. c3
Ba6 12. f5 $5 {Undesputably the best try. White has to hurry up, otherwise
black will just push b4 initiating multiple trades which result in balanced
position.} (12. dxc5 Bxc5 13. Ned4 b4 14. axb4 axb4 15. Bxa6 Rxa6 16. O-O bxc3
17. bxc3 O-O $11 {Neelotpal,D-Kobylkin,E/Alushta 2004}) 12... b4 13. fxe6 (13.
Nf4 $5) 13... fxe6 14. Nf4 bxc3 15. bxc3 cxd4 16. cxd4 Nd8 17. Ng5 ({Less
ambitious players would've preferred} 17. Bd3 Bxd3 18. Nxd3 Be7 19. O-O O-O 20.
Rab1 Qa6 21. Bg5 $36 {with unpleasent pressure, but white is playing for the
maximum.}) 17... Be7 18. h4 Bxf1 19. Kxf1 {[%csl Gh1][%cal Gh1h7]} (19. Rxf1)
19... O-O 20. Kg1 Bxg5 ({Deserevd attention} 20... Re8 {[%cal Gd7f8] followed
by Nf8, not giving white a pleasure to make a good use of his rook over an
h-file.}) 21. hxg5 Qb3 $8 {[%csl Gc2,Gd3]} 22. g6 h6 23. Nh5 {[%cal Gh5g7]} Rc8
24. Rc1 (24. Nxg7 $2 Rc2 25. Qe1 Qb2 26. Rh2 Re2 $19) 24... Rxc1+ 25. Qxc1 Qd3
(25... Qc4 26. Qd1 (26. Qd2 $2 Nxe5) 26... Nc6 $14) 26. Rh3 $1 $36 Qc4 {
The pawn on g6 was poisoned:} (26... Qxg6 27. Bxh6 $1 Qxh6 28. Nf6+ Rxf6 29.
Rxh6 Rxh6 30. Qc8 $18) 27. Qd2 Nc6 (27... Rf1+ 28. Kh2 Nc6 29. Bf2 $1 Qc1 30.
Qxc1 Rxc1 31. Rf3 $18) 28. Kh2 Rf5 29. Nf4 ({Spectacular} 29. Nxg7 $6 {would
lead to unclear position after} Kxg7 30. Bxh6+ Kxg6 (30... Kg8 31. Bg7 $1 $18)
31. g4 Rxe5 32. dxe5 Ndxe5 33. Qg5+ Kf7 34. Qg7+ Ke8 $13) 29... Nf8 30. Rg3 a4
31. Nd3 $5 {Setting up a nice trap.} Rh5+ 32. Kg1 Nxd4 $2 {Black is just too
optimistic. This move is the decisive mistake leading to completely lost
endgame. The funny thing is white's reaction is so predictable and deadly that
I can't really perceive what black was hoping for!} 33. Rg4 $1 Nb3 34. Rxc4
Nxd2 35. Rc8 Ne4 36. Nc5 Nxc5 $6 (36... Rxe5 $142 37. Rxf8+ Kxf8 38. Nd7+ Ke7
39. Nxe5 $16) 37. Bxc5 $18 {[%csl Rf8,Rg8][%cal Gc8g8] The pin is lethal.} Rf5
38. g4 Rf4 39. Kh2 Rf3 40. Kg2 Rf4 41. Kg3 Rf1 42. Ra8 d4 43. Bxd4 Rc1 44. Kf3
Rc2 45. Ke3 Rc1 46. Kd2 Rc4 47. Kd3 Rc1 48. Bc3 h5 49. gxh5 1-0

[Event "GER-ch 76th"]
[Site "Altenkirchen"]
[Date "2005.02.24"]
[Round "7"]
[White "Luther, Thomas"]
[Black "Braun, Arik"]
[Result "1/2-1/2"]
[WhiteElo "2543"]
[BlackElo "2463"]
[Annotator "Finkel,A"]
[PlyCount "76"]
[EventDate "2005.02.18"]
[EventType "swiss"]
[EventRounds "9"]
[EventCountry "GER"]
[SourceTitle "CBM 106"]
[Source "ChessBase"]
[SourceDate "2005.06.06"]
[SourceVersion "1"]
[SourceVersionDate "2005.06.06"]
[SourceQuality "1"]

1. e4 e6 2. d4 d5 3. Nc3 Nf6 4. e5 Nfd7 5. f4 c5 6. Nf3 Nc6 7. Be3 a6 8. Qd2 b5
9. a3 $5 {Quite poisonous variation promising white good chances to fight for
the advantage.} (9. dxc5) 9... Qb6 10. Ne2 b4 $6 {After a move in the game
white may start to build up a pressure on the kingside since he doesn't have
to worry about the center.} (10... c4 11. Ng3 (11. g4 h5 12. gxh5 Rxh5 13. Ng3
Rh8 14. f5 $5 exf5 15. Nxf5 Nf6 16. Ng3 Ng4 17. Bf4 $14 {Kasparov,G-Radjabov,T/
Linares 2003} (17. Bg5 b4 18. axb4 Nxb4 19. c3 {1/2-1/2 Belov,V-Vysochin,S/St
Petersburg 2004/EXT 2005 (19)})) 11... b4 12. axb4 Bxb4 13. c3 Bf8 14. Be2 Na5
15. Rb1 Nb3 16. Qc2 g6 17. O-O $14 {Luther,T-Mullon,J/France 2003}) (10... a5
11. c3 (11. g4 Be7 12. Bh3 Ba6 13. O-O b4 14. axb4 axb4 15. f5 cxd4 16. Nfxd4
Nxd4 17. Nxd4 Bc5 $132 {Bobras,P-Barredo,L/Dos Hermanas 2003}) 11... Ba6 12. f5
$5 (12. dxc5 Bxc5 13. Ned4 b4 14. axb4 axb4 15. Bxa6 Rxa6 16. O-O bxc3 17. bxc3
O-O $11 {Neelotpal,D-Kobylkin,E/Alushta 2004}) 12... b4 13. fxe6 (13. Nf4 $5)
13... fxe6 14. Nf4 bxc3 15. bxc3 cxd4 16. cxd4 Nd8 17. Ng5 $36 {Efimenko,
Z-Kobylkin,E/Kharkov 2004}) (10... g6 $6 11. dxc5 Bxc5 12. Ned4 $16 Qc7 (12...
Bb7 13. b4 {[%cal Ge3b6]} Bxd4 14. Nxd4 Nxd4 15. Bxd4 $16) 13. Bd3 Be7 14. Nxc6
Qxc6 15. h4 h5 16. b4 Nb6 17. Bd4 $16 {Pikula,D-Jeremic,V/Topola 2004}) (10...
Bb7 11. g3 (11. dxc5 Bxc5 12. Ned4 Nxd4 13. Nxd4 Qc7 14. b4 Be7 15. Bd3 $14 {
Voitsekhovsky,S-Erashchenkov,D/Voronezh 2003}) 11... Rc8 12. Bg2 cxd4 13. Nexd4
Nc5 14. Nxc6 Qxc6 15. Nd4 Qc7 16. O-O Ne4 17. Qe2 $14 {Hawkeye-Petrovich/
Greece 2002}) (10... Be7 11. dxc5 Bxc5 12. Ned4 Nxd4 13. Nxd4 Qc7 14. Bd3 g5
15. g3 Bb7 16. O-O-O $14 {Karjakin,S-Kiriakov,P/playchess.com INT 2004}) 11.
axb4 cxb4 12. g4 {White means business! f5 is coming right away.} (12. Nc1 $5
a5 13. Be2 Be7 14. Nd3 a4 15. O-O a3 16. b3 $14) 12... b3 13. c3 Qb7 {[%cal
Gd7b6,Gb6c4]} 14. f5 $5 ({Another promising option was} 14. Qd1 $5 a5 15. f5
Nb6 16. Qxb3 exf5 17. gxf5 Bxf5 18. Ng3 Bg4 19. Bg2 a4 20. Qb5 $14) 14... Nb6
15. Ng3 Nc4 16. Bxc4 dxc4 17. O-O Ne7 {transferring the knight to d5, however
white succeeds to develop a very strong initiative over an f-file.} 18. f6 $1
$40 gxf6 19. Nh5 Nd5 (19... f5) 20. Ra5 $1 {All white pieces are taking part
in the attack, while black is trying to withstand the pressure counting on his
centralised knight!} Be7 21. Nxf6+ Bxf6 $2 ({Strangely enough I fail to see
anything convincing after} 21... Nxf6 22. exf6 Bxf6 23. Bg5 Bg7 24. Bh6 f6 $132
) 22. exf6 Bd7 23. Rc5 {White is ready to sacrifice a pawn on f6 not to let
black to cut off the rook by Bb5.} (23. Ne5 $5 Bb5 24. Bh6 Rg8 25. Bg7 $16)
23... Nxf6 24. Bg5 Ne4 25. Qf4 Rg8 (25... Nxc5 26. Qf6 {[%csl Re7,Rh8]} Bc6 27.
Qxh8+ Kd7 28. Ne5+ Kc7 29. Rxf7+ Nd7 30. Qg7 $18) 26. Rc7 ({More convincing was
} 26. Nd2 $1 Nxg5 27. Rxg5 Rxg5 28. Qxg5 Kf8 29. Nxc4 $16 {and black is in
deep troubles.}) 26... Qd5 27. h4 Rc8 28. Nd2 ({Once again white chooses the
wrong square for the knight. After correct} 28. Ne5 Nxg5 29. hxg5 Rxc7 30.
Qxf7+ Kd8 31. Qxg8+ Be8 32. Rf8 Re7 33. g6 $18 {white gets the decisive
advantage.}) 28... Nxg5 29. hxg5 Rxc7 30. Qxf7+ Kd8 31. Qxg8+ Be8 32. Rf8 (32.
Rf5 Qd7 33. Re5 Qf7 34. Qh8 $14) 32... Re7 33. Nf3 a5 34. Ne5 a4 35. Nf7+ $6 ({
It wasn't too late to win the game} 35. g6 $1 hxg6 (35... a3 36. gxh7 a2 37.
Rf1 $18) 36. Qxg6 a3 37. Qg5 axb2 38. Rxe8+ Kxe8 39. Qg8#) 35... Kd7 36. Ne5+
Kd8 37. Nf7+ Kd7 38. Ne5+ Kd8 1/2-1/2

[Event "GER-ch 76th"]
[Site "Altenkirchen"]
[Date "2005.02.22"]
[Round "5"]
[White "Baramidze, David"]
[Black "Breutigam, Martin"]
[Result "1-0"]
[WhiteElo "2550"]
[BlackElo "2403"]
[Annotator "Finkel,A"]
[PlyCount "73"]
[EventDate "2005.02.18"]
[EventType "swiss"]
[EventRounds "9"]
[EventCountry "GER"]
[SourceTitle "CBM 106"]
[Source "ChessBase"]
[SourceDate "2005.06.06"]
[SourceVersion "1"]
[SourceVersionDate "2005.06.06"]
[SourceQuality "1"]

1. e4 e6 2. d4 d5 3. Nc3 Nf6 4. e5 Ne4 5. Bd3 (5. Nxe4) (5. Nce2 $5) 5... Nxc3
6. bxc3 c5 7. Nf3 Bd7 (7... c4 8. Be2 Be7 9. h4 h6 10. h5 Nc6 11. Rh3 Qa5 12.
Bd2 Bd7 13. Rg3 $14 {Baklan,V-Danneel,G/Ghent 2003}) (7... Nc6 8. O-O Be7 9.
dxc5 Qc7 10. Re1 Bxc5 11. Qe2 h6 12. c4 dxc4 13. Bxc4 Bd7 14. Rb1 O-O-O {
1/2-1/2 Mainka,R-Sharif,M/Lippstadt 1995/EXT 97 (14)}) 8. O-O c4 9. Be2 Ba4 10.
h4 h6 {There is nothing wrong with the move in the game, but in my opinion it
was more accurate to prepare an f6 break.} (10... Qa5 11. Bd2 Nd7 12. h5 f6 13.
exf6 gxf6 $13 {[%csl Rh5][%cal Ge8c8,Ga8d8,Gf8d6,Ge6e5]}) 11. h5 Nc6 12. Nh2
Be7 13. Bg4 b6 $6 {Very strange plan which brings black nothing, but troubles.}
(13... Qa5 14. Bd2 O-O-O 15. f4 Rdg8 16. f5 Nd8 $13) 14. f4 Kd7 $6 15. f5 Qg8
16. Qf3 {Threatening to take on d5 and penitrating to the seventh rank.} Kc7 (
16... Bxc2 $2 17. fxe6+ fxe6 18. Qxd5+ $18) 17. fxe6 fxe6 18. Qf7 Qxf7 19. Rxf7
$16 {White is a way ahead on the kingside, so his chances are much better.} Kd7
20. Rxg7 Bxc2 21. Be3 (21. Bd2) 21... Raf8 22. Rf1 Rxf1+ 23. Kxf1 Nd8 24. Bh3
Rh7 25. Rg8 $6 ({I fail to see why shouldn't white to take the pawn on h6:} 25.
Rxh7 Bxh7 26. Bxh6 Bb1 27. Bd2 Nf7 28. g4 Bxa2 29. Nf3 Bb3 30. g5 $18) 25... a5
26. Ng4 Rf7+ (26... b5 $5) 27. Ke1 Bd3 28. Bxh6 $4 {Overlooking that the king
is in the mating net.} (28. g3 Rf3 29. Bxh6 Rxg3 30. Nf6+ Bxf6 31. Rxg3 Bh4 32.
Bf4 $14) 28... Rf1+ $19 29. Kd2 Ra1 $4 ({Missing the chance to decide the game
in just one move:} 29... Ba3 $1 $19 {[%csl Rd2][%cal Ga3c1] and white can't
prevent mate.}) 30. Nf6+ Kc6 31. Bf8 $18 Rxa2+ 32. Ke3 Re2+ 33. Kf3 Bxf6 34.
exf6 Nf7 35. Rg7 Nh6 36. Re7 Ng8 37. f7 1-0

[Event "Oxford GM-A"]
[Site "Oxford"]
[Date "1998.12.23"]
[Round "9"]
[White "Nunn, John DM"]
[Black "Pedersen, Steffen"]
[Result "1-0"]
[WhiteElo "2600"]
[BlackElo "2415"]
[Annotator "Finkel,A"]
[PlyCount "71"]
[EventDate "1998.12.14"]
[EventType "tourn"]
[EventRounds "9"]
[EventCountry "ENG"]
[EventCategory "11"]
[SourceTitle "CBM 069"]
[Source "ChessBase"]
[SourceDate "1999.04.01"]
[SourceVersion "1"]
[SourceVersionDate "1999.04.01"]
[SourceQuality "1"]

1. e4 e6 2. d4 d5 3. Nc3 Nf6 4. e5 Nfd7 5. f4 c5 6. Nf3 a6 7. Be3 Qb6 8. a3 $5
{According to what I now this is one of the numerous ideas of grandmaster
Murrey.This move is extremly poisonous and as shows the following game if
black doesn't come up with the right plan and keeps on playing regular moves
his position deteriorates very quickly.The main line of variation starts with
8.Na4.} (8. Na4 Qa5+ (8... Qc7 9. dxc5 Nxc5 10. Nxc5 Bxc5 11. Bxc5 (11. Qd2 Bd7
12. O-O-O Bb5 13. Bxc5 Qxc5 $11 {Riemersma,L-Barsov,A/Vlissingen op 1996 (28)})
11... Qxc5 12. Qd2 a5 13. Qf2 $6 Qb4+ 14. Nd2 Qxb2 15. Rb1 Qxc2 16. Bb5+ Nc6
17. O-O O-O $17 {Wemmers,X-Barsov,A/Soest op 1995 (41)}) (8... Qc6 9. c4 $2
dxc4 10. Nc3 b5 11. a4 Bb7 12. axb5 axb5 13. Rxa8 Bxa8 14. Qa1 Na6 $17 {
Motylev,A-Volkov,S/RUS-sf 1995 (29)}) 9. c3 cxd4 10. b4 Qc7 11. Qxd4 Nc6 12.
Qd2 b5 (12... Be7 13. Be2 (13. Bd3 b5 14. Nb2 a5 15. O-O axb4 $13 {1/2-1/2
Arakhamia,K-Drasko,M/Heraklio op 1993}) 13... b5 14. Nb2 a5 15. O-O axb4 16.
Rfc1 $5 Qb7 17. cxb4 Bxb4 18. Qc2 $44 {Vratonjic,S-Drasko,M/JUG-chT2 1993 (38)}
) 13. Nb2 f6 14. exf6 $6 (14. a4 $1 {[%csl Rb5]} Rb8 15. axb5 axb5 16. Nd4 $1
Nxd4 17. Bxd4 fxe5 18. fxe5 Be7 19. Ra7 $16 {Scripchenko,E-Matveeva,S;Belgrad
1996.}) 14... Nxf6 15. Bd3 Bd6 16. O-O O-O 17. a4 Rb8 $11 {Lutz,C-Morozevich,A/
Elista olm 1998 (30)}) 8... Nc6 ({Of couse not} 8... Qxb2 $4 9. Na4 $18 {
[%csl Rb2] and black queen is trapped.}) 9. Be2 Be7 ({Too dangerous is} 9... f6
$6 10. exf6 $1 (10. f5 $6 cxd4 (10... fxe5 $1 11. dxc5 $6 (11. fxe6 cxd4 $1 (
11... Nf6 12. dxe5) 12. Na4 Qc7 (12... Qa5+ 13. Bd2 Qxa4 14. b3 $18 {[%csl Ra4]
}) 13. exd7+ Bxd7 14. Bf2 b5 $15) 11... Bxc5 12. fxe6 Nf6 13. Bxc5 Qxc5 $17)
11. Nxd4 Ndxe5 (11... fxe5 $2 12. Bh5+ g6 13. fxg6 hxg6 14. Bxg6+ Ke7 15. Nf5+
$18) 12. Nxe6 Qxe3 (12... d4 13. Nxd4 Be7 14. Nxc6 Qxc6 15. O-O $16) 13. Nc7+
Kd8 14. N3xd5 Qe4 15. Nxa8 Bd7 16. O-O $18) 10... Nxf6 (10... gxf6 11. f5 cxd4
12. Nxd4 Nxd4 13. Bxd4 Bc5 14. fxe6 $16) 11. Na4 Qa5+ 12. Bd2 Qc7 13. dxc5 Ne4
14. Be3 $16 {and white's advantage is quiet significiet.}) 10. Bf2 $5 cxd4 (
10... c4 11. b3 cxb3 12. cxb3 Qc7 13. Qc2 $14) 11. Nxd4 Bc5 12. Na4 Qa5+ 13. c3
Bxd4 14. Bxd4 Nxd4 ({After} 14... b5 15. Nc5 Nxd4 16. Qxd4 Qb6 17. Nxd7 Qxd4
18. cxd4 Bxd7 19. Rc1 $14 {black still has a lot of troubles in the endgame.})
15. Qxd4 Qc7 $6 {Too passive.More in the spirit of the position was} (15... O-O
16. O-O b6 $5 17. Bd1 $5 {preventing Nc5} Bb7 18. Bc2 b5 19. Nc5 Nxc5 20. Qxc5
Rac8 21. Qe3 Qc7 $14) 16. b4 $14 {Now white has very safe and convenient
advantage.} O-O 17. O-O b5 18. Nb2 Bb7 19. Bg4 $1 {Black's only chanse to
create counterplay is to play f6 at some stage so white is getting prepared.}
Rac8 20. Rf3 f5 (20... a5 $5 21. Re1 axb4 22. axb4 Rfe8 23. Rg3 $14) 21. exf6
Rxf6 22. Re1 Nf8 23. Re5 Qd6 24. Rfe3 Rc7 25. h4 h6 26. h5 {Envading the space
on the kingside.} Rc6 27. Bf3 Rc7 28. Bg4 Rc6 29. g3 Nd7 $4 {This move is not
so easy to explain.After logical 29...Rc7 it's not so simple for the white to
breakthrough.} 30. Bxe6+ $18 Rxe6 31. Rxe6 Qxe6 32. Rxe6 Rxe6 33. Nd3 {Nw it
is over.} Re4 34. Qa7 Bc6 35. Qxa6 Rc4 36. Nc5 $1 1-0